000 00701nam a2200241 a 4500
008
020 _a0029789907 (pbk.)
049 _aMAIN
090 _aQA276
_bHOG
100 1 _aHogg, Robert V.
245 1 0 _aIntroduction to mathematical statistics /
_cRobert V. Hogg, Joeseph McKean and Allen T. Craig.
250 _a7th ed.
260 _aNew York, :
_bPearson,
_cc.2014
300 _aii, 650 p. :
_bill. ;
_c23 cm.
500 _aIncludes index.
650 0 _aMathematical statistics.
700 1 _aCraig, Allen T.
907 _a.b10090940
_b29-11-13
_c16-10-03
003
005 20230123133440.0
040 _cNUST
942 _cBOOKS
_kQA276
_mHOG
999 _c148771
_d148771